| 000 | 00535nam a22002057a 4500 | ||
|---|---|---|---|
| 003 | OSt | ||
| 005 | 20140310182820.0 | ||
| 008 | 130304t xxu||||| |||| 00| 0 eng d | ||
| 020 | _a0134388704 | ||
| 050 |
_aHA32 _b.N822 1994 |
||
| 082 |
_a005.75 _bNo82 1994 |
||
| 245 |
_aSPSS trends 6.1 Base System User's Guide _cNorusis, Marija J. |
||
| 260 |
_aChicago, IL _bSPSS Inc. _c1994 |
||
| 300 |
_a547 p. _c22.5 cm. |
||
| 521 | _acollege students | ||
| 526 | _c1210L-1700L | ||
| 541 | _j1 | ||
| 562 | _e1 | ||
| 942 |
_2lcc _cBK _kCS |
||
| 999 |
_c16364 _d16364 |
||